| 000 | 00975nam a22002417a 4500 | ||
|---|---|---|---|
| 003 | OSt | ||
| 005 | 20210303155751.0 | ||
| 008 | 210303s1980 sp ado|gr|||| 00| 0 spa d | ||
| 020 | _a8428203318 | ||
| 040 |
_aCO-JMCR _cCO-JMCR |
||
| 041 | 1 |
_aspa _heng |
|
| 082 | 0 | 4 |
_a572 / _bH693a _223 |
| 100 | 1 |
_aHoebel, E. Adamson (Edward Adamson), _eautor _914329 |
|
| 245 | 1 | 0 |
_aAntropología: _bel estudio del hombre / _cAdamson Hoebel, E. ; traducido por Jorge Freixas |
| 260 |
_aBarcelona : _bOmega, _c1980 |
||
| 300 |
_a597 páginas : _bilustraciones, gráficos y fotografías a color y blanco y negro ; _c24 cm. |
||
| 504 | _aBibliografía : páginas 541-560. | ||
| 505 | 0 | _aEl concepto de cultura -- La evolución del hombre y de la cultura -- Raza y cultura -- Cultura primitiva y sociedad -- La antropología hoy y mañana | |
| 650 | 1 | 4 |
_aAntropología _914330 |
| 650 | 2 | 4 |
_aSociedades primitivas _914331 |
| 700 | 1 |
_aFreixas, Jorge, _etraductor _914332 |
|
| 942 |
_2ddc _cBK |
||
| 999 |
_c7434 _d7434 |
||